WWF Earthquake PPV Opponents - Statistics

General Stats
  • This quiz has been taken 62 times
  • The average score is 28 of 42
Answer Stats
Hint Answer % Correct
WWF Summerslam 1990 (Lost) Hulk Hogan
98%
WWF Survivor Series 1990 (Lost) Hulk Hogan
98%
WWF Royal Rumble 1991 (Eliminated By) Hulk Hogan
98%
WWF Royal Rumble 1990 (Eliminated By) Ted DiBiase
92%
WWF WrestleMania VII (Won) Ted DiBiase
92%
WWF Survivor Series 1992 (Won) Ted DiBiase
92%
WWF Survivor Series 1989 (Won) Bret Hart
90%
WWF WrestleMania VII (Won) Irwin R. Schyster
84%
WWF Survivor Series 1992 (Won) Irwin R. Schyster
84%
WWF Survivor Series 1991 (Lost) Animal
82%
WWF Royal Rumble 1992 (Won) Animal
82%
WWF Survivor Series 1991 (Lost) Hawk
82%
WWF Royal Rumble 1992 (Won) Hawk
82%
WWF Survivor Series 1989 (Won) Jim Duggan
78%
WWF Survivor Series 1990 (Lost) Jim Duggan
78%
WWF Royal Rumble 1993 (Eliminated By) Yokozuna
78%
WWF Survivor Series 1990 (Lost) Big Bossman
73%
WWF Survivor Series 1991 (Lost) Big Bossman
73%
WWF Survivor Series 1990 (Lost) Tugboat
73%
WWF Survivor Series 1989 (Won) Hercules
71%
WWF WrestleMania VI (Won) Hercules
71%
WWF Royal Rumble 1990 (Eliminated By) Jim Neidhart
69%
WWF WrestleMania X (Won) Adam Bomb
63%
WWF Summerslam 1992 (Won) Beau Beverly
55%
WWF Survivor Series 1992 (Won) Beau Beverly
55%
WWF Summerslam 1992 (Won) Blake Beverly
55%
WWF Survivor Series 1992 (Won) Blake Beverly
55%
WWF Summerslam 1991 (Won) Bushwhacker Butch
55%
WWF Summerslam 1991 (Won) Bushwhacker Luke
55%
WWF WrestleMania VII (Won) Greg Valentine
55%
WWF Survivor Series 1989 (Won) Ronnie Garvin
53%
WWF Royal Rumble 1999 (Eliminated By; as Golga) Steve Austin
53%
WWF Royal Rumble 1990 (Eliminated By) Haku
51%
WWF Royal Rumble 1990 (Eliminated By) Jimmy Snuka
49%
WWF Rock Bottom: In Your House (Lost; as Golga) Mosh
49%
WWF Rock Bottom: In Your House (Lost; as Golga) Thrasher
49%
WWF Royal Rumble 1990 (Eliminated By) Smash
47%
WWF Summerslam 1998 (Won; as Golga) Sho Funaki
35%
WWF Summerslam 1998 (Won; as Golga) Dick Togo
33%
WWF WrestleMania X-7 (Eliminated By) Kamala
31%
WWF Summerslam 1998 (Won; as Golga) Men's Teioh
29%
WWF Summerslam 1998 (Won; as Golga) Taka Michinoku
29%
No matching quizzes found
Score Distribution
Percent of People with Each Score
Percentile by Number Answered
Your Score History
You have not taken this quiz